Geography Quiz

Random Geography or City Quiz
Score 0/10 Timer 03:00
0 Plays Today
Rank City % Correct
2Los Angeles
96.2%
1New York
94.7%
8Chicago
91.7%
3Houston
87.2%
5Washington
81.2%
4Las Vegas
46.6%
10Austin
46.6%
6St. Louis
45.1%
7Orlando
43.6%
9Colorado Springs
7.5%
Remove Ads.
Support Sporcle.
Get the best of Sporcle when you Go Orange. This ad-free experience offers more features, more stats, and more fun while also helping to support Sporcle. Thank you for becoming a member.

You're not logged in!

Compare scores with friends on all Sporcle quizzes.
OR
Log In

Sporcle TV

Today on Sporcle TV


Watch our educational content, quiz creation guides, and fun videos on Sporcle TV.

Show Comments

Extras

Top Quizzes Today


Score Distribution

Paid Content

Your Account Isn't Verified!

In order to create a playlist on Sporcle, you need to verify the email address you used during registration. Go to your Sporcle Settings to finish the process.

Report this User

Report this user for behavior that violates our Community Guidelines.

Details: